Agonía de un neutral (Registro nro. 122775)

Detalles MARC
000 -LEADER
campo de control de longitud fija 00532nam a2200157 4500
001 - NÚMERO DE CONTROL
campo de control 122775
003 - IDENTIFICADOR DE NÚMERO DE CONTROL
campo de control ES-MaACL
005 - FECHA Y HORA DE LA ÚLTIMA TRANSACCIÓN
campo de control 20230906192035.0
007 - CAMPO FIJO DE DESCRIPCIÓN FÍSICA--INFORMACIÓN GENERAL
campo de control de longitud fija t|
008 - DATOS DE LONGITUD FIJA--INFORMACIÓN GENERAL
campo de control de longitud fija 070214s1972 sp r ||||1| spa d
100 1# - ENTRADA PRINCIPAL--NOMBRE DE PERSONA
Nombre de persona Proctor, Raymond.
9 (RLIN) 94016
245 10 - MENCIÓN DEL TÍTULO
Título Agonía de un neutral
Resto del título : (las relaciones hispanoalemanas durante la Segunda Guerra Mundial y la División Azul) /
Mención de responsabilidad, etc. Raymond Proctor.
260 ## - PUBLICACIÓN, DISTRIBUCIÓN, ETC.
Lugar de publicación, distribución, etc. Madrid :
Nombre del editor, distribuidor, etc. Ed. Nacional,
Fecha de publicación, distribución, etc. 1972.
300 ## - DESCRIPCIÓN FÍSICA
Extensión 354 p. ;
Dimensiones 21 cm +
Material acompañante/anejo 4 map., 1 gráf.
852 ## - LOCALIZACIÓN
Ubicación ES-MaACL
Número de control de estantería C-47862
Sublocalización o colección R.84273
Existencias
Estatus retirado Estado de pérdida Estado de daño No para préstamo Biblioteca de origen Biblioteca actual Ubicación en estantería Fecha de adquisición Fuente de adquisición Total de préstamos Signatura topográfica completa Código de barras Visto por última vez Precio de reemplazo Tipo de ítem Koha
        Biblioteca del Ateneo de Madrid Biblioteca del Ateneo de Madrid Depósito 2 17/01/2008     C-47862 1127931 23/02/2023 23/02/2023 Libro impreso